| 000 | 00993nam0a22002531 4500 | ||
|---|---|---|---|
| 001 | rc\2935669 | ||
| 005 | 20250806211514.0 | ||
| 035 | _a(NLR Aleph) 007084810 | ||
| 090 |
_a50657 _c50657 |
||
| 100 | _a20110822d1943 u y0rusy50 ca | ||
| 101 | 0 | _arus | |
| 102 | _aRU | ||
| 105 | _aa z ||||| | ||
| 200 | 1 |
_aИнструкция по укладке и сбрасыванию с самолета на парашюте конской артиллерийской амуниции _fШтаб возд.-десант. войск Красной Армии |
|
| 210 |
_aМосква _cВоен. изд-во _d1943 |
||
| 215 |
_a13 с., без обл. _cил. _d12 см |
||
| 712 | 0 | 1 |
_aСССР _bШтаб воздушно-десантных войск Красной Армии _4570 |
| 801 | 0 |
_aRU _bNLR _gpsbo |
|
| 801 | 1 |
_aRU _bELAR _2rusmarc |
|
| 852 |
_aNLR _jВ60 Г-0/78 |
||
| 942 | _cBOOK | ||
| 945 | _aРоссийская национальная библиотека | ||
| 980 | _aNB | ||
| 980 | _aBV | ||